000
00280nam a22001217a 4500
082
_a
823
_b
BON/R
100
_a
BOND,RUSKIN
245
_a
RUSTY AND THE LEOPARD
246
_a
RUSTY AND THE LEOPARD
_b
RUSTY AND THE LEOPARD
260
_a
NEW DELHI
_b
PUFFIN
300
_a
299
942
_c
BK
999
_c
8474
_d
8474